| 000 | 00546nam a2200169 a 4500 | ||
|---|---|---|---|
| 005 | 20250205063744.0 | ||
| 008 | 991125s1971 mx 000 0 spa u | ||
| 035 | _aUPN01000004968 | ||
| 049 | _aCG | ||
| 050 | 4 |
_aHD37 _bL4.28 |
|
| 100 | 1 |
_aLeonard, William Patrick, _dn. 1898 |
|
| 245 | 1 | 0 |
_aAuditoría administrativa : _bevaluación de los métodos y eficiencia administrativos / _cWilliam P. Leonard ; tr. Mario Bracamonte. |
| 260 |
_aMéxico : _bDiana, _c1971. |
||
| 300 | _a315 p. | ||
| 650 | 4 |
_aAdministración industrial _9500 |
|
| 905 | _aLibro | ||
| 999 |
_c4968 _d4968 |
||